000 00516nam a22001817a 4500
005 20251108172726.0
008 250721s2002 xx 000 0 ara d
082 1 4 _a604.2/ور
100 1 _aالور، فوزي يوسف
_eمؤلف
245 1 0 _aالرسم الهندسي /
250 _a2
264 1 _aعمان :
_bدار صفاء للنشر والتوزيع،
_c2002.
300 _a231ص
650 1 7 _aالرسم الفني
650 1 7 _aالرسوم الهندسية
942 _2ddc
_cBK
999 _c86955
_d86955